000 02090nam0a2200337 i 4500
001 RU\NLR\bibl\2033223
005 20260406023444.0
010 _a9785919610533
_9500
021 _aRU
_b2013-30285
_92079
035 _a(NLR Aleph) 002020883
090 _a4503960
_c4503960
100 _a20130516d2012 u y0rusy50 ca
101 0 _arus
102 _aRU
105 _aac |||||||||
200 1 _aРаспространение сейсмических волн
_dSeismic wave propagation
_eучебник
_eдля студентов высших учебных заведений, обучающихся по специальности 130102 "Технология геологический разведки" (специализация "Геофозические исследования скважин", "Сейсморазведка") направления подготовки дипломированных специалистов 130100 "Прикладная геология"
_fЛ.А. Сердобольский
_g[Нац. исслед. ун-т РГУ нефти и газа им. И.М. Губкина]
_zeng
210 _aМосква
_cИздательский центр РГУ нефти и газа
_d2012
215 _a252 с.
_cил., портр.
_d22
225 1 _aУчебник
300 _aАвт. также на англ. яз.: L. A. Serdobolsky
320 _aБиблиогр.: с. 247 (5 назв.)
510 1 _6z22790
_aSeismic wave propagation
_zeng
606 1 _aСейсмические волны
_jУчебники для высших учебных заведений
_xРаспространение
_91103384
_3RU\NLR\auth\66434852
686 _aД217.3-3я73-1
700 1 _4070
_8rus
_7ca
_aСердобольский
_bЛ. А.
_f1936-2010
_gЛев Александрович
_3RU\NLR\auth\77125015
_9107940
790 1 _4070
_8rus
_7ba
_aSerdobol'skij
_bL. A.
_f1936-2010
_gLev Aleksandrovič
_3RU\NLR\auth\77125017
_9107942
801 0 _aRU
_bNLR
_c20130516
_gRCR
801 1 _aRU
_bNLR
_c20130516
942 _cBOOK
980 _aNBR